Statistics for People with Similar Surnames

Click here to take the quiz!

General Stats

  • This quiz has been taken 44 times
  • The average score is 15 of 24

Answer Stats

ClueNames% Correct
Physicist (E=mc^2) Albert; and Soviet film director Sergei.Einstein
100%
Nobel Prize winner in chemistry Marie; and basketball star Stephen.Curie
97%
Perry
95%
Hitler mistress Eva; and California governor JerryBraun
84%
Former Russian president Boris; and Federal Reserve chair Janet.Yeltsin
82%
Curry
79%
Brown
76%
Academy award wining actor Jack; and golfer Phil.Nicholson
76%
Nelson
74%
Naked Gun actor Leslie; and naval hero of Trafalgar Horatio.Nielsen
68%
Taylor
68%
Comic actor (The Nutty Professor) Jerry; and boxer (the Brown Bomber) Joe.Lewis
66%
Louis
66%
1840s US president John; and 1840s US president Zachary.Tyler
66%
Big Bang Theory actress Kaley; and governor of New York state Andrew.Cuoco
61%
Mickelson
50%
NY Yankee star Derek; and Napoleon Dynamite actor Jon.Jeter
47%
Cuomo
42%
Supreme Leader of Iran Ruhollah; and Supreme Leader of Iran Ali.Khomeini
42%
Eisenstein
34%
Arctic explorer Robert; and singer Katy.Peary
34%
Khamenei
24%
Yellen
24%
Heder
21%

Score Distribution

Percentile by Number Answered

Percent of People with Each Score

Your Score History

You have not taken this quiz